Open Data Biblioteca Nacional de Portugal


República Portuguesa: Ministério da Cultura
Biblioteca Nacional de Portugal

Catálogo da BNP: acesso por Identificadores Unívocos
Registos Bibliográficos associados ao registo de autoridade

Etiqueta de registo: 00254nam 2200025 450
001 2284176
003 http://id.bnportugal.gov.pt/bib/catbnp/2284176
100 ## $a20260413d2025 k y0pory01030103ba
101 0# $aeng$dpor
102 ## $aPT
105 ## $aa m 000yy
106 ## $ar
200 1# $aMXene-Based memristive systems$esynthesis, characterization and application in neuromorphic computing$fHenrique Jacob Teixeira$gorient. João Oliveira Ventura, Catarina Dias, Ricardo Ferreira
210 #9 $aPorto$c[s.n.],$d2025
215 ## $aXXVIII, 228 p.$cil.$d30 cm
300 ## $aAcesso não autorizado pelo autor pelo periodo de 2 anos
328 #1 $aTese dout. Physics Doctoral Program MAP-Fis, Faculdade de Ciências da Universidade do Porto, Universidade de Aveiro, Universidade do Minho, 2025
700 #1 $aTeixeira,$bHenrique Jacob$31995450
702 #1 $aVentura,$bJoão Oliveira$4727$31040875
702 #1 $aDias,$bCatarina$4727$31756953
702 #1 $94$aFerreira,$bRicardo$4727$31695520
801 #0 $aPT$bBN$gRPC
966 ## $lBN$mFGMON$x1
971 ## $cabrito$d20260413

OpendataBNP@bnportugal.pt | Mais informação sobre acesso aos dados BNP